[Event "Asia-ch U20"]
[Site "Tagaytay City"]
[Date "2022.11.25"]
[Round "9"]
[White "Limpangog, Aaron"]
[Black "Paradero, Gabriel Ryan"]
[Result "1/2-1/2"]
[WhiteElo "1292"]
[BlackElo "1294"]
[PlyCount "109"]
[EventDate "2022.11.19"]
[EventType "swiss"]
[EventRounds "9"]
[EventCountry "PHI"]
[SourceTitle "CBM 211 Extra"]
[Source "ChessBase"]
[SourceDate "2023.01.31"]
[SourceVersion "1"]
[SourceVersionDate "2023.01.31"]
[SourceQuality "1"]

1. e4 g6 2. d4 Bg7 3. Nc3 c5 4. Nf3 cxd4 5. Nxd4 Nc6 6. Be3 Nf6 7. Be2 0-0 8. 0-0 d5 9. exd5 Nxd5 10. Nxd5 Nxd4 11. Bxd4 Qxd5 12. Bxg7 Qxd1 13. Raxd1 Kxg7 14. Bf3 Be6 15. Rd4 Rac8 16. c3 Rc7 17. Rfd1 b6 18. Bd5 Bxd5 19. Rxd5 Rfc8 20. f3 e6 21. Rd7 Kf8 22. Kf2 Ke8 23. R7d6 Rc6 24. R6d4 Rc5 25. Ke3 Re5+ 26. Re4 Rxe4+ 27. Kxe4 Rc4+ 28. Rd4 Rc5 29. h4 f5+ 30. Kd3 Rb5 31. Rb4 Rxb4 32. cxb4 Kd7 33. Kd4 Kd6 34. f4 h6 35. a4 a6 36. b5 axb5 37. axb5 g5 38. g3 e5+ 39. fxe5+ Ke6 40. b3 Kf7 41. Kd5 Ke7 42. h5 Kd7 43. e6+ Ke7 44. Ke5 f4 45. gxf4 g4 46. f5 g3 47. f6+ Kf8 48. Kd6 g2 49. e7+ Ke8 50. f7+ Kxf7 51. Kd7 g1Q 52. e8Q+ Kg7 53. Qe7+ Kh8 54. Qf6+ Kh7 55. Qf7+ 1/2-1/2